Principles of control systems

Bibliographic Details
Main Author: Bakshi, Uday A
Format: Book
Published: New Delhi : Technical Publications , 2014
Subjects:

MARC

LEADER 00000cam a2200000 7i4500
001 0000047702
005 20150524.0
008 150524
020 |a 9789350992814 
090 0 0 |a 629.8   |b BAK 
100 1 |a Bakshi, Uday A 
245 1 0 |a Principles of control systems   |c Uday A. Bakshi & Mrs. Varsha U. Bakshi 
260 |a New Delhi :   |b Technical Publications ,   |c 2014 
650 0 |a Automatic control 
650 0 |a Control systems 
999 |a 0001350183   |b Book   |c Adult Collection   |e Cawangan Pontian 
999 |a 0001350184   |b Book   |c Adult Collection   |e Cawangan Bandar Penawar 
999 |a 0001350185   |b Book   |c Adult Collection   |e Cawangan Mersing 
999 |a 0001350186   |b Book   |c Adult Collection   |e Cawangan Tangkak 
999 |a 0001350187   |b Book   |c Adult Collection   |e Cawangan Muar 
999 |a 0001350188   |b Book   |c Adult Collection   |e Cawangan Batu Pahat 
999 |a 0001350189   |b Book   |c Adult Collection   |e Cawangan Segamat 
999 |a 0001350191   |b Book   |c Adult Collection   |e Cawangan Tmn. Ungku Tun Aminah 
999 |a 0001350192   |b Book   |c Adult Collection   |e Cawangan Taman Sri Lambak 
999 |a 0001350193   |b Book   |c Adult Collection   |e Cawangan Bandar Tenggara 
999 |a 0001350194   |b Book   |c Adult Collection   |e Cawangan Sri Merlong 
999 |a 0001350195   |b Book   |c Adult Collection   |e Cawangan Kota Tinggi 
999 |a 0001351523   |b Book   |c Adult Collection   |e Perbadanan Perpustakaan Awam Johor 
999 |a 0001351524   |b Book   |c Adult Collection   |e Cawangan Urban Transformation Centre